Every nba teams best player ever - Statistics

General Stats
  • This quiz has been taken 68 times
  • The average score is 19 of 30
Answer Stats
Question Answer % Correct
Cavaliers LeBron James
92%
Bulls Michael Jordan
92%
Kings Oscar Robertson
92%
Mavericks Dirk Nowitzki
90%
Pacers Reggie Miller
90%
Rockets Hakeem Olajuwon
89%
Timberwolves Kevin Garnett
89%
Nuggets Nikola Jokić
89%
Spurs Tim Duncan
89%
Pistons Isiah Thomas
85%
Jazz Karl Malone
80%
Warriors Steph Curry
80%
Knicks Patrick Ewing
77%
Grizzlies Marc Gasol
74%
Hornets Kemba Walker
67%
Hawks Dominique Wilkins
66%
Clippers Chris Paul
61%
Heat Dwyane Wade
57%
Magic Shaq
57%
Trailblazers Clyde Drexler
54%
Nets Jason Kidd
51%
Wizards Wes Unseld
49%
Bucks Giannis Antetokounmpo
44%
Thunder Russell Westbrook
39%
Pelicans Chris Paul
38%
Celtics Bill Russell
36%
Suns Charles Barkley
36%
Lakers Kareem Abdul Jabar
28%
Raptors Kyle Lowry
26%
76ers Julius Erving
21%
No matching quizzes found
Score Distribution
Percent of People with Each Score
Percentile by Number Answered
Your Score History
You have not taken this quiz